[Event "AUTO-MASTER-2059"]
[Site "http://www.queenalice.com/game.php?id=1268592"]
[Date "2014.3.28"]
[Round "1"]
[White "mennecy91"]
[Black "luciopac"]
[Result "0-1"]
[WhiteElo "2177"]
[BlackElo "2243"]

1. c4 Nf6 2. Nf3 c5 3. Nc3 Nc6 4. g3 d5 5. cxd5 Nxd5 6. e4 Nxc3 7. bxc3 e5 8.
Bg2 Bg4 9. O-O Qd3 10. Re1 Be7 11. Re3 Qd7 12. Qb3 O-O 13. Bb2 Na5 14. Qc2 Nc4
15. Re2 Rfd8 0-1

[Event "AUTO-MASTER-2059"]
[Site "http://www.queenalice.com/game.php?id=1268593"]
[Date "2014.3.28"]
[Round "1"]
[White "luciopac"]
[Black "ratorei"]
[Result "1-0"]
[WhiteElo "2214"]
[BlackElo "2011"]

1. e4 e6 2. d4 d5 3. e5 c5 4. c3 Qb6 5. Nf3 Nc6 6. a3 c4 7. Nbd2 Qc7 8. b3 b5 9.
Be2 a5 10. Bb2 Nge7 11. O-O Bb7 12. Qc2 Ng6 13. Rfe1 Be7 14. Nf1 Nf4 15. Ne3
Nxe2+ 16. Rxe2 h5 17. Nd2 g5 18. Rf1 O-O-O 19. a4 cxb3 20. Qxb3 b4 21. Rc1 bxc3
22. Bxc3 Kd7 23. Bxa5 Qxa5 24. Qxb7+ Qc7 25. Qxc7+ Kxc7 26. Nb3 Kd7 27. Rec2 Rc8
28. Kf1 Rc7 29. Na5 Rhc8 30. Nxc6 Rxc6 31. Ke2 Rxc2+ 32. Rxc2 Rxc2+ 33. Nxc2 Kc6
34. Kd3 f5 35. Kc3 Kb6 36. Nb4 h4 37. h3 g4 38. Kb3 Bf8 39. Nd3 Kc6 40. Nf4 Kd7
41. a5 Bh6 42. Nxe6 Kxe6 43. a6 f4 44. a7 f3 45. a8=Q fxg2 46. Qg8+ 1-0

[Event "AUTO-MASTER-2059"]
[Site "http://www.queenalice.com/game.php?id=1268594"]
[Date "2014.3.28"]
[Round "1"]
[White "ratorei"]
[Black "luciopac"]
[Result "0-1"]
[WhiteElo "2003"]
[BlackElo "2220"]

1. e4 e6 2. f4 d5 3. exd5 Qxd5 4. Nc3 Qd8 5. Nf3 Nf6 6. d3 Nc6 7. Be2 Bc5 8. Na4
Bb4+ 9. Bd2 Bxd2+ 10. Qxd2 Nd4 11. Nxd4 Qxd4 12. Nc3 c6 13. g4 e5 14. g5 Ng4 15.
Bf3 exf4 16. O-O-O O-O 17. Rdf1 Ne3 18. Re1 Be6 19. Kb1 Rfe8 20. Ne2 Qe5 21. h4
Rad8 22. Rhf1 Nxf1 23. Rxf1 Qe3 0-1

[Event "franz_ferdinand-"]
[Site "http://www.queenalice.com/game.php?id=1280882"]
[Date "2014.5.11"]
[Round "2"]
[White "luciopac"]
[Black "docb"]
[Result "1-0"]
[WhiteElo "2270"]
[BlackElo "2037"]

1. e4 Nc6 2. d4 d5 3. e5 Bf5 4. Nf3 e6 5. c3 h6 6. Be3 Nge7 7. Nbd2 Bh7 8. Be2
Nf5 9. O-O Nce7 10. c4 Nxe3 11. fxe3 Nf5 12. Qb3 b6 13. cxd5 Qxd5 14. Bc4 Qb7
15. Rac1 Rc8 16. Qa4+ c6 17. Ba6 Qb8 18. Bxc8 Qxc8 19. Rxc6 Qd7 20. Rc8+ Ke7 21.
Qxd7+ Kxd7 22. Rfc1 Bc5 23. Rxh8 1-0

[Event "AUTO-MASTER-2040"]
[Site "http://www.queenalice.com/game.php?id=1283688"]
[Date "2014.5.24"]
[Round "2"]
[White "luciopac"]
[Black "Donidon"]
[Result "0-1"]
[WhiteElo "2261"]
[BlackElo "2389"]

1. e4 c5 2. Nf3 Nc6 3. d4 cxd4 4. Nxd4 Nf6 5. Nxc6 bxc6 6. Nc3 d6 7. Be2 e5 8.
O-O Be7 9. Kh1 O-O 10. f4 Rb8 11. f5 d5 12. Bd3 Re8 13. Qf3 Bb7 14. Qh3 Ba8 15.
g4 h6 16. Bxh6 gxh6 17. Qxh6 Bf8 18. Qh3 d4 19. g5 dxc3 20. gxf6 Qxf6 21. bxc3
Bh6 0-1

[Event "AUTO-MASTER-2040"]
[Site "http://www.queenalice.com/game.php?id=1283689"]
[Date "2014.5.24"]
[Round "2"]
[White "Donidon"]
[Black "luciopac"]
[Result "1-0"]
[WhiteElo "2380"]
[BlackElo "2270"]

1. e4 e6 2. d4 d5 3. Nc3 Bb4 4. e5 Ne7 5. f4 b6 6. Nf3 c5 7. a3 Bxc3+ 8. bxc3
Ba6 9. Bxa6 Nxa6 10. O-O O-O 11. Qe2 Nc7 12. a4 c4 13. Ba3 f6 14. f5 Nxf5 15.
Bxf8 Qxf8 16. g4 Nh6 17. exf6 gxf6 18. g5 Qg7 19. Kh1 Nf5 20. gxf6 Qxf6 21. Ne5
Qh4 22. Qg2+ Kf8 23. Rf3 h6 24. Qg6 Qg5 25. Qf7# 1-0

[Event "franz_ferdinand-"]
[Site "http://www.queenalice.com/game.php?id=1285898"]
[Date "2014.6.4"]
[Round "3"]
[White "Rutty"]
[Black "luciopac"]
[Result "0-1"]
[WhiteElo "2063"]
[BlackElo "2253"]

1. e4 e6 2. d4 d5 3. exd5 exd5 4. Nf3 Nf6 5. Bd3 Bd6 6. h3 O-O 7. O-O Be6 8. Bg5
Nbd7 9. c3 c6 10. Qc2 h6 11. Bxf6 Qxf6 12. Nbd2 g5 13. Nh2 Kg7 14. Ndf3 h5 15.
Qd2 Bf4 16. Qe2 Rh8 17. Rfe1 g4 18. Ne5 gxh3 19. g3 Bxe5 20. dxe5 Qg5 21. Qe3
Qxe3 22. Rxe3 Nc5 23. Bf1 Ne4 24. Bd3 Nc5 25. Bc2 Rae8 26. f4 Bc8 27. b4 Ne6 28.
Bf5 Nxf4 29. Bxc8 Ng2 30. Re2 Rxc8 31. Nf3 h4 32. Kh2 hxg3+ 33. Kxg3 Rcg8 34.
Kh2 Nf4 35. Rg1+ Kf8 36. Rxg8+ Rxg8 37. Rf2 Ke7 38. Ng1 Rg4 39. Nxh3 Nxh3 40.
Kxh3 Re4 41. Rf3 Rxe5 42. Kg4 Ke6 43. a4 Re4+ 44. Kg5 d4 45. c4 Re3 46. Rf6+ Ke7
47. Rf4 Re5+ 48. Kg4 d3 49. Rd4 d2 50. Kf3 c5 51. Rxd2 cxb4 0-1

[Event "AUTO-MASTER-2059"]
[Site "http://www.queenalice.com/game.php?id=1294717"]
[Date "2014.7.14"]
[Round "2"]
[White "luciopac"]
[Black "CCapivara"]
[Result "1-0"]
[WhiteElo "2257"]
[BlackElo "2151"]

1. e4 e5 2. Nf3 Nf6 3. Nxe5 d6 4. Nf3 Nxe4 5. Qe2 Qe7 6. d3 Nc5 7. Bg5 Qxe2+ 8.
Bxe2 Be7 9. Bxe7 Kxe7 10. Nc3 c6 11. O-O-O Re8 12. Rhe1 Kf6 13. h3 Be6 14. d4
Nca6 15. d5 cxd5 16. Nxd5+ Bxd5 17. Rxd5 Re6 18. Nd4 Nc7 19. Rf5+ Kg6 20. Nxe6
fxe6 21. Rf8 Nc6 22. Bd3+ Kg5 23. Rxa8 1-0

[Event "AUTO-MASTER-2059"]
[Site "http://www.queenalice.com/game.php?id=1294718"]
[Date "2014.7.14"]
[Round "2"]
[White "CCapivara"]
[Black "luciopac"]
[Result "0-1"]
[WhiteElo "2164"]
[BlackElo "2266"]

1. e4 e6 2. d4 d5 3. exd5 exd5 4. Nf3 Nf6 5. Bd3 Bd6 6. O-O O-O 7. Bg5 h6 8. Bh4
Bg4 9. Nbd2 Nbd7 10. Re1 c6 11. c3 Qc7 12. Qc2 Rfe8 13. Bxf6 Nxf6 14. h3 Bd7 15.
Bf5 Rxe1+ 16. Rxe1 Re8 17. Bxd7 Rxe1+ 18. Nxe1 Qxd7 19. Qd3 Qe6 20. Nef3 Bf4 21.
Nf1 Qe4 22. Qd1 a6 23. Qb3 Qe7 24. g3 Bd6 25. Kg2 Qe2 26. Ne3 Ne4 27. Qc2 Nxg3
28. Ne5 Qxc2 29. Nxc2 Bxe5 30. dxe5 Nf5 31. Nb4 a5 32. Nd3 b6 33. b4 a4 34. Nb2
b5 35. Nd3 g6 36. Nc5 Kf8 37. Nd7+ Ke8 38. Nf6+ Ke7 39. Kf3 Ke6 40. Kf4 g5+ 41.
Kg4 Kxe5 42. Ng8 a3 43. Kh5 Ke6 44. Nxh6 Nxh6 45. Kxh6 Kf5 46. Kg7 Ke4 47. Kxf7
Kd3 48. Kg6 Kxc3 49. Kxg5 d4 50. h4 d3 51. h5 d2 0-1

[Event "AUTO-MASTER-2059"]
[Site "http://www.queenalice.com/game.php?id=1294719"]
[Date "2014.7.14"]
[Round "2"]
[White "luciopac"]
[Black "Guilherme_Ottoni"]
[Result "1-0"]
[WhiteElo "2244"]
[BlackElo "2060"]

1. e4 e5 2. Nf3 Nc6 3. Bb5 a6 4. Bxc6 dxc6 5. d4 exd4 6. Qxd4 Qxd4 7. Nxd4 Bd7
8. Be3 O-O-O 9. Nc3 Nf6 10. O-O-O Bb4 11. f3 Bxc3 12. bxc3 c5 13. Ne2 b6 14. Kb2
Bb5 15. Nf4 Bc6 16. c4 h6 17. Nd5 Rd6 18. Ne7+ Kb7 19. Rxd6 cxd6 20. Nf5 Kc7 21.
Nxg7 Rh7 22. Nf5 h5 23. Bf4 Ne8 24. Rd1 Bd7 25. Nxd6 1-0

[Event "AUTO-MASTER-2059"]
[Site "http://www.queenalice.com/game.php?id=1294720"]
[Date "2014.7.14"]
[Round "2"]
[White "Guilherme_Ottoni"]
[Black "luciopac"]
[Result "0-1"]
[WhiteElo "2077"]
[BlackElo "2250"]

1. d4 d5 2. c4 e6 3. Nc3 Nf6 4. Bg5 Be7 5. e3 c6 6. Nf3 O-O 7. Qc2 h6 8. Bf4
Nbd7 9. Rd1 dxc4 10. Bxc4 Nb6 11. Bd3 Nbd5 12. Nxd5 Nxd5 13. Bg3 Nb4 14. Qb3
Nxd3+ 15. Rxd3 Qd5 16. O-O Qxb3 17. Rxb3 f6 18. h3 b6 19. Rc1 c5 20. Rbc3 Ba6
21. dxc5 bxc5 22. Nd2 Rfd8 23. Nc4 Rd5 24. e4 Rd4 25. f3 Rad8 26. Bf2 Rd1+ 27.
Rxd1 Rxd1+ 28. Kh2 Rf1 29. Be3 Re1 30. Bg1 Bxc4 31. Rxc4 Bd6+ 32. g3 Bxg3+ 33.
Kxg3 Rxg1+ 34. Kf2 Rb1 35. Rc2 c4 36. Ke3 e5 37. Rxc4 Rxb2 38. Ra4 Rb7 39. h4
Kf7 40. f4 Kg6 41. Kf3 Kh5 42. Kg3 exf4+ 43. Kxf4 Kxh4 44. Kf5 Kh5 45. Ra3 Rb5+
46. Ke6 a5 47. Rg3 Rg5 48. Rh3+ Kg6 49. Rf3 Re5+ 0-1

[Event "AUTO-MASTER-2059"]
[Site "http://www.queenalice.com/game.php?id=1294721"]
[Date "2014.7.14"]
[Round "2"]
[White "luciopac"]
[Black "Zugswang"]
[Result "1-0"]
[WhiteElo "2275"]
[BlackElo "2205"]

1. e4 g6 2. d4 Bg7 3. c4 c5 4. d5 d6 5. Nc3 Nf6 6. f3 Nbd7 7. Be3 a6 8. Qc2 h5
9. Bd3 Ne5 10. Nge2 Nxd3+ 11. Qxd3 Qc7 12. O-O h4 13. h3 Nh5 14. f4 Rb8 15. Rab1
Bd7 16. b4 cxb4 17. Rxb4 Qa5 18. Rfb1 b5 19. cxb5 axb5 20. a4 Ng3 21. axb5 Nxe2+
22. Nxe2 Rh5 23. Bd4 f6 24. b6 Rb7 25. Kh1 Kf7 26. Bc3 Qa8 27. Nd4 f5 28. Ra1
Qc8 29. Ra7 fxe4 30. Qxe4 Qxc3 31. Rxb7 Qxb4 32. Rxd7 Qxd4 33. Qe6+ 1-0

[Event "AUTO-MASTER-2059"]
[Site "http://www.queenalice.com/game.php?id=1294722"]
[Date "2014.7.14"]
[Round "2"]
[White "Zugswang"]
[Black "luciopac"]
[Result "1/2-1/2"]
[WhiteElo "2194"]
[BlackElo "2289"]

1. e4 e6 2. d4 d5 3. Nd2 Nf6 4. e5 Nfd7 5. Bd3 c5 6. c3 Nc6 7. Ne2 cxd4 8. cxd4
f6 9. exf6 Nxf6 10. O-O Bd6 11. Nf3 O-O 12. Bf4 Nh5 13. Bxd6 Qxd6 14. Qc2 g6 15.
Bxg6 Nf6 16. Bd3 Nb4 17. Qd1 Nxd3 18. Qxd3 Ng4 19. Ng3 Bd7 20. h3 Nf6 21. Ne5 a6
22. Qe3 Rae8 23. Rac1 Re7 24. Rc2 Rg7 25. Rfc1 Be8 26. Rc8 Nd7 27. R1c7 Nxe5 28.
Rxg7+ Kxg7 29. dxe5 Qb4 30. Qg5+ Kh8 31. Rc7 Rf7 32. Rxf7 Bxf7 33. Qd8+ Kg7 34.
Qf6+ Kg8 35. Qd8+ Kg7 36. Qg5+ Kh8 37. Qd8+ Kg7 38. Qg5+ Kh8 39. Qc1 Kg7 40. b3
Qd4 41. Qg5+ Kf8 42. Qd8+ Kg7 43. Qg5+ Kf8 44. Qd8+ Kg7 1/2-1/2

[Event "AUTO-MASTER-2058"]
[Site "http://www.queenalice.com/game.php?id=1296342"]
[Date "2014.7.21"]
[Round "2"]
[White "luciopac"]
[Black "chaingang"]
[Result "1/2-1/2"]
[WhiteElo "2291"]
[BlackElo "2280"]

1. e4 e5 2. Nf3 Nc6 3. Bb5 a6 4. Bxc6 dxc6 5. d4 exd4 6. Qxd4 Qxd4 7. Nxd4 Bd7
8. Be3 O-O-O 9. Nc3 Bb4 10. O-O-O Bxc3 11. bxc3 Re8 12. Rhe1 Rxe4 13. Nb3 Nf6
14. Nc5 Re7 15. Nxd7 Rxd7 16. Rxd7 Kxd7 17. Bg5 Re8 18. Rd1+ Kc8 19. Bxf6 gxf6
20. Rd4 Re6 21. Rh4 Re2 22. Rf4 Re6 23. Rh4 Re2 24. Rf4 1/2-1/2

[Event "AUTO-MASTER-2058"]
[Site "http://www.queenalice.com/game.php?id=1296343"]
[Date "2014.7.21"]
[Round "2"]
[White "chaingang"]
[Black "luciopac"]
[Result "0-1"]
[WhiteElo "2276"]
[BlackElo "2291"]

1. e4 e6 2. d4 d5 3. Nc3 Bb4 4. e5 Ne7 5. a3 Bxc3+ 6. bxc3 c5 7. Qg4 Nf5 8. Bd3
h5 9. Qf4 Qh4 10. Qxh4 Nxh4 11. Bg5 Nf5 12. Ne2 Nc6 13. Rb1 b6 14. Bxf5 exf5 15.
Be3 c4 16. Nf4 Be6 17. O-O Kd7 18. Rb5 Ne7 19. Rfb1 Kc6 20. a4 Rab8 21. a5 Nc8
22. axb6 Rxb6 23. Rc5+ Kb7 24. Rb4 Ne7 25. Bc1 Nc6 26. Rb2 Ne7 27. Kf1 g6 28.
Rcb5 Rb8 29. Rb1 Rxb5 30. Rxb5+ Ka8 31. Rb4 Nc6 32. Rxb8+ Kxb8 33. Ba3 Kc7 34.
Ke1 a5 35. g3 Na7 36. f3 Nb5 37. Bb2 Kc6 38. h3 Bc8 39. Kd2 a4 40. Kc1 a3 41.
Ba1 Nc7 42. Kd2 Ne6 43. Ke3 Nxf4 44. Kxf4 Bd7 45. Kg5 Be6 46. Kf4 Kd7 47. h4 Ke7
48. Ke3 f4+ 49. Kxf4 Bf5 50. g4 Bxc2 51. Kg5 hxg4 52. fxg4 Ke6 53. Kf4 f6 54.
exf6 Kxf6 55. Kg3 g5 56. hxg5+ Kxg5 57. Kf3 Bd1+ 58. Ke3 Bxg4 59. Kd2 Bf5 60.
Ke3 Be4 61. Kd2 Kf6 0-1

[Event "AUTO-MASTER-2058"]
[Site "http://www.queenalice.com/game.php?id=1296344"]
[Date "2014.7.21"]
[Round "2"]
[White "luciopac"]
[Black "lrmaster"]
[Result "0-1"]
[WhiteElo "2303"]
[BlackElo "2257"]

1. e4 e5 2. Nf3 d6 3. d4 exd4 4. Nxd4 h6 5. c4 Nf6 6. Nc3 Be7 7. Be2 O-O 8. O-O
a6 9. Be3 c5 10. Nc2 Nc6 11. a3 Be6 12. f3 Ne5 13. Nd5 Bxd5 14. cxd5 b5 15. b4
c4 16. Nd4 Nfd7 17. Rc1 Bf6 18. f4 Ng6 19. Nc6 Qc7 20. Bd4 Bxd4+ 21. Qxd4 Qb6
22. Rcd1 Qxd4+ 23. Rxd4 Rfe8 24. Bg4 Nf6 25. Bf5 Ne7 26. Bh3 Kf8 27. Re1 Nexd5
28. e5 dxe5 29. fxe5 Nb6 30. Rf1 Nfd5 31. Rd2 Ne7 32. Bd7 Nxd7 33. Rxd7 Rac8 34.
Nd4 Kg8 35. e6 fxe6 36. Nxe6 c3 37. Nc5 Rcd8 38. Rxd8 Rxd8 39. Rc1 Nd5 40. Kf2
Rc8 41. Kf3 Re8 42. Ne4 Rf8+ 43. Kg3 Rc8 44. Kf3 c2 45. Ke2 Rc4 46. Nd6 Rc3 47.
Kd2 Rxa3 48. Rxc2 Nxb4 0-1

[Event "AUTO-MASTER-2058"]
[Site "http://www.queenalice.com/game.php?id=1296345"]
[Date "2014.7.21"]
[Round "2"]
[White "lrmaster"]
[Black "luciopac"]
[Result "0-1"]
[WhiteElo "2270"]
[BlackElo "2290"]

1. e4 e6 2. Nf3 d5 3. exd5 exd5 4. d4 Nf6 5. Be2 Bd6 6. O-O O-O 7. h3 h6 8. a3
Be6 9. Nbd2 c6 10. Re1 Nbd7 11. c4 dxc4 12. Bxc4 Bxc4 13. Nxc4 Nb6 14. Nxd6 Qxd6
15. b4 Nc4 16. Ne5 Nb6 17. Bb2 Rad8 18. Qb3 Qd5 19. Qxd5 Nfxd5 20. Rac1 f6 21.
Nc4 Nxc4 22. Rxc4 Rfe8 23. Rcc1 Rxe1+ 24. Rxe1 Kf7 25. Kf1 Rd6 26. g3 Re6 27.
Rxe6 Kxe6 28. Ke2 Nb6 29. Kd3 Kd5 30. Bc1 Na4 31. h4 h5 32. f3 Nb6 33. Bf4 Nc4
34. Bc1 b5 35. Kc3 Nd6 36. Be3 Nf5 37. Bf2 g5 38. Kd3 gxh4 39. gxh4 a6 40. Kc3
Ne7 41. Kd3 Ng6 42. Bg3 f5 43. Kc3 f4 44. Bf2 Ne7 45. Kd3 Nf5 46. Kc3 Ne3 47.
Bxe3 fxe3 48. Kd3 e2 49. Kxe2 Kxd4 50. Kd2 c5 51. bxc5 Kxc5 52. Kd3 Kd5 53. f4
a5 54. Ke3 Kc4 55. Ke4 b4 56. axb4 axb4 57. Kf5 b3 58. Kg5 b2 59. Kxh5 b1=Q 60.
Kg5 Kd5 61. h5 Ke6 62. f5+ Qxf5+ 63. Kh6 Qg4 64. Kh7 Kf7 65. h6 Qg8# 0-1

[Event "AUTO-MASTER-2058"]
[Site "http://www.queenalice.com/game.php?id=1296346"]
[Date "2014.7.21"]
[Round "2"]
[White "luciopac"]
[Black "JailtonMaster"]
[Result "1-0"]
[WhiteElo "2286"]
[BlackElo "2037"]

1. e4 c5 2. Nf3 Nc6 3. d4 cxd4 4. Nxd4 e6 5. c4 Nf6 6. Nc3 Bc5 7. Nc2 O-O 8. Be2
a6 9. O-O Qc7 10. Be3 Bxe3 11. Nxe3 Rb8 12. a3 Rd8 13. b4 Ne5 14. f4 Nc6 15. e5
Ne8 16. c5 b6 17. Ne4 Bb7 18. Qd3 Ne7 19. Nd6 Qc6 20. Bf3 Nd5 21. Nxb7 Qxb7 22.
Nxd5 exd5 23. Bxd5 Qa7 24. Qf5 d6 25. cxd6 1-0

[Event "AUTO-MASTER-2058"]
[Site "http://www.queenalice.com/game.php?id=1296347"]
[Date "2014.7.21"]
[Round "2"]
[White "JailtonMaster"]
[Black "luciopac"]
[Result "0-1"]
[WhiteElo "2034"]
[BlackElo "2285"]

1. e4 e6 2. d4 d5 3. exd5 exd5 4. Nf3 Nf6 5. Bd3 Bd6 6. O-O O-O 7. Bg5 h6 8. Bh4
c6 9. Nbd2 Be6 10. Ne5 c5 11. c3 Nc6 12. f4 cxd4 13. Nxc6 bxc6 14. cxd4 Qb6 15.
Nb3 Bg4 16. Qc2 Ne4 17. Bxe4 dxe4 18. Qxe4 Rfe8 19. Qd3 Be2 0-1

[Event "Só brasileiros"]
[Site "http://www.queenalice.com/game.php?id=1328319"]
[Date "2014.12.15"]
[Round "3"]
[White "CCapivara"]
[Black "luciopac"]
[Result "1/2-1/2"]
[WhiteElo "2136"]
[BlackElo "2301"]

1. e4 e6 2. d4 d5 3. exd5 exd5 4. Nf3 Nf6 5. Bd3 Bd6 6. O-O O-O 7. Bg5 Bg4 8.
Nbd2 Nbd7 9. Re1 c6 10. c3 Qc7 11. Qc2 Rfe8 12. Bf5 Bh5 13. h3 Bg6 14. Kf1 Rxe1+
15. Rxe1 Re8 16. Bxg6 Rxe1+ 17. Kxe1 hxg6 18. Qd3 Nb6 19. Bxf6 gxf6 20. Qe2 Qe7
21. Qxe7 Bxe7 22. b3 Kf8 23. Ke2 Bd6 24. Kd3 Bf4 25. c4 Ke7 26. Nb1 Ke6 27. Nc3
a6 28. c5 Nc8 29. Na4 Bh6 30. Nd2 Kf5 31. b4 Bf4 32. Nb6 Nxb6 33. cxb6 Bxd2 34.
Kxd2 Ke4 35. Kc3 g5 36. g3 Kf3 37. Kd2 f5 38. h4 gxh4 39. gxh4 Kg4 40. Ke2 Kxh4
41. Kf3 Kg5 42. Kg3 f4+ 1/2-1/2